| 000 | 00514nam a2200217Ia 4500 | ||
|---|---|---|---|
| 003 | OSt | ||
| 005 | 20220916111004.0 | ||
| 006 | a|||||r|||| 00| 0 | ||
| 007 | ta | ||
| 008 | 220915b |||||||| |||| 00| 0 guj d | ||
| 024 | _a82,002 | ||
| 037 | _cTextbook | ||
| 040 |
_bguj _aARTS _cARTS |
||
| 041 | _aguj | ||
| 082 | _aO156p2:N09, J5 | ||
| 245 | 0 | _aGujarati sahitya parishad | |
| 260 | _c1955 | ||
| 300 |
_a200p. _ccm. |
||
| 942 |
_hO156p2:N09, J5 _cTB _2CC |
||
| 999 |
_c102806 _d102806 |
||